<?xml version="1.0" encoding="UTF-8"?>
<record
    xmlns:xsi="http://www.w3.org/2001/XMLSchema-instance"
    xsi:schemaLocation="http://www.loc.gov/MARC21/slim http://www.loc.gov/standards/marcxml/schema/MARC21slim.xsd"
    xmlns="http://www.loc.gov/MARC21/slim">

  <leader>01808nam a2200169   4500</leader>
  <controlfield tag="008">709.050.155 EL39e</controlfield>
  <datafield tag="020" ind1=" " ind2=" ">
    <subfield code="a">9786124712920</subfield>
  </datafield>
  <datafield tag="082" ind1=" " ind2=" ">
    <subfield code="a">709.050.155</subfield>
    <subfield code="b">EL39e</subfield>
  </datafield>
  <datafield tag="100" ind1=" " ind2=" ">
    <subfield code="a">Tejeda-Herrera, Elena</subfield>
    <subfield code="9">7284</subfield>
  </datafield>
  <datafield tag="245" ind1=" " ind2=" ">
    <subfield code="a"> Videos de esta mujer:</subfield>
    <subfield code="b">Registros de performances 1997 2010</subfield>
  </datafield>
  <datafield tag="260" ind1=" " ind2=" ">
    <subfield code="a">Lima</subfield>
    <subfield code="b">Asosiaci&#xF3;n Ishma </subfield>
    <subfield code="b">Proyecto AMIL</subfield>
    <subfield code="c">2018</subfield>
  </datafield>
  <datafield tag="300" ind1=" " ind2=" ">
    <subfield code="a">224 p.</subfield>
    <subfield code="b">il. (col)</subfield>
    <subfield code="c">30,5 x 24,4 cm</subfield>
  </datafield>
  <datafield tag="505" ind1=" " ind2=" ">
    <subfield code="t">Introducci&#xF3;n</subfield>
    <subfield code="r">Yoel Yoss, Juan Carlos Verme </subfield>
    <subfield code="t">Elena Tejeda-Herrera. Videos de esta mujer: registros de performances 1997-2010 // Elena Tejeda-Herrera. Videos from this woman: performances documentation 1997-2010</subfield>
    <subfield code="r">Florencia Portocarrero</subfield>
    <subfield code="t">Videos Parte I / Video Part I</subfield>
    <subfield code="r">Elena Tejeda-Herrera </subfield>
    <subfield code="t">Estrellas sin origen. Notas sobre las primeras tres performances de Elena Tejeda-Herrera / Stars without origin. Notes on the first three performances of Elena Tejeda-Herrera</subfield>
    <subfield code="r">Armando Andrade Tudela </subfield>
    <subfield code="t">Dossier de textos / Texts dossier </subfield>
    <subfield code="r">Elena Tejeda-Herrera </subfield>
    <subfield code="t">Videos parte II / Videos part II</subfield>
    <subfield code="r">Elena Tejeda-Herrera </subfield>
    <subfield code="t">Cuando me masturbo soy hermafrodita. La re-educaci&#xF3;n corporal seg&#xFA;n Elena Tejeda-Herrera / When I masturbate I am hermaphrodite. The re-education of the body according to Elena Tejeda-Herrera</subfield>
    <subfield code="r">Miguel A. L&#xF3;pez</subfield>
    <subfield code="t">Genealog&#xED;a del arte feminista en el Per&#xFA;: una conversaci&#xF3;n en torno al trabajo de Elena Tejeda-Herrera / Genealogies of feminist art in Per&#xFA;: a conversation on the work of Elena Tejeda-Herrera</subfield>
    <subfield code="r">Florencia Portocarrero (ed.)</subfield>
    <subfield code="t">Videos parte III / Video part III</subfield>
    <subfield code="r">Elena Tejeda-Herrera </subfield>
    <subfield code="t">Listado de obras / List of works </subfield>
    <subfield code="t">Biograf&#xED;a / Biography </subfield>
  </datafield>
  <datafield tag="650" ind1=" " ind2=" ">
    <subfield code="x">arte contempor&#xE1;neo </subfield>
    <subfield code="x">arte - performance</subfield>
    <subfield code="x">feminismo</subfield>
    <subfield code="x">cr&#xED;tica e interpretaci&#xF3;n </subfield>
    <subfield code="x">mujeres en las artes</subfield>
    <subfield code="x">Per&#xFA;</subfield>
    <subfield code="9">7285</subfield>
  </datafield>
  <datafield tag="700" ind1=" " ind2=" ">
    <subfield code="a">Portocarrero, Florencia (editora)</subfield>
    <subfield code="9">7286</subfield>
  </datafield>
  <datafield tag="710" ind1=" " ind2=" ">
    <subfield code="a">Hern&#xE1;ndez Calvo, Max (traducci&#xF3;n)</subfield>
    <subfield code="9">7287</subfield>
  </datafield>
  <datafield tag="999" ind1=" " ind2=" ">
    <subfield code="c">1891</subfield>
    <subfield code="d">1891</subfield>
  </datafield>
  <datafield tag="952" ind1=" " ind2=" ">
    <subfield code="0">0</subfield>
    <subfield code="1">0</subfield>
    <subfield code="2">ddc</subfield>
    <subfield code="4">0</subfield>
    <subfield code="7">0</subfield>
    <subfield code="a">LV</subfield>
    <subfield code="b">LV</subfield>
    <subfield code="c">Monograf&#xED;as</subfield>
    <subfield code="d">2020-02-19</subfield>
    <subfield code="l">0</subfield>
    <subfield code="o">709.050.155 EL39e</subfield>
    <subfield code="p">002937</subfield>
    <subfield code="r">2020-02-19 00:00:00</subfield>
    <subfield code="w">2020-02-19</subfield>
    <subfield code="y">01</subfield>
  </datafield>
</record>
